| 000 | 02494 a2200349 4500 | ||
|---|---|---|---|
| 001 | OB-purh-10533 | ||
| 003 | FrMaCLE | ||
| 005 | 20251214082806.0 | ||
| 007 | cu ||||||m|||| | ||
| 008 | 181106e||||||||xx |||||s|||||||||0|fr|d | ||
| 020 | _a979-10-240-1071-7 | ||
| 024 | 7 |
_a10.4000/books.purh.10533 _2doi |
|
| 040 | _aFR-FrMaCLE | ||
| 041 | _afra | ||
| 100 | 1 | _aFéménias, Damien | |
| 245 | 1 | 3 |
_aUn festival sous le regard de ses spectateurs : _bViva Cité, le public est dans la rue / _cDamien Féménias, Pascal Roland, Betty Lefèvre. |
| 260 |
_aMont-Saint-Aignan : _bPresses universitaires de Rouen et du Havre, _c2018. |
||
| 300 | _a270 p. | ||
| 500 | _aEbook | ||
| 520 | _a VIVA CITÉ est un festival des arts de la rue qui anime Sotteville-lès-Rouen depuis bientôt vingt ans. Qui sont ses publics ? Qu’y font-ils ? Qu’y voient-ils ? Qu’y vivent-ils ? Si la rue est le lieu du bien commun, comment un festival comme Viva Cité y fabrique-t-il du lien pendant un temps de création partagé ? La parole étant donnée aux spectateurs de cette manifestation, il s’agit d’interroger cet événement par les récits qu’il engendre, dans sa capacité à transformer (réellement ou symboliquement) temps et espaces, à modifier les modalités de réception des spectacles. Ce festival, qui mobilise l’agglomération rouennaise, constitue aussi un vaste « théâtre » où se mettent en scène des rêves de société, où la mixité sociale serait re-créée, où le monde commun serait plus juste et plus équitable. Autant d’éléments réflexifs qui donnent à lire cette manifestation comme un tout artistique, social et politique où chacun témoigne, à sa façon, non seulement de ce qui fonde la vie collective mais aussi, à travers la proximité de l’art, de l'invention de soi. Les propos recueillis proposent une définition implicite du théâtre de rue qui sou ligne la nécessité de l’effervescence dans la constitution du social et qu’incarne la fête, expression de la vitalité. | ||
| 540 |
_aOpenEdition Books License _uhttps://www.openedition.org/12554 |
||
| 650 | 4 | _aArt | |
| 650 | 4 | _afestival | |
| 650 | 4 | _aspectacle | |
| 650 | 4 | _aSotteville-lès-Rouen | |
| 650 | 4 | _aViva Cité | |
| 650 | 4 | _aarts de la rue | |
| 700 | 1 | _aRoland, Pascal | |
| 700 | 1 | _aLefèvre, Betty | |
| 776 | _z978-2-87775-455-2 | ||
| 856 | 4 |
_eFéménias, Damien _uhttps://books.openedition.org/purh/10533 _yUn festival sous le regard de ses spectateurs |
|
| 999 |
_c12733 _d12733 |
||